El mundo numinoso de los mayas : (Record no. 133790)

MARC details
000 -CABECERA
campo de control de longitud fija 00934cam a2200253 a 4500
003 - IDENTIFICADOR DEL NÚMERO DE CONTROL
campo de control MX-MxUPN
005 - FECHA Y HORA DE LA ÚLTIMA TRANSACCIÓN
campo de control 20250306155146.0
008 - ELEMENTOS DE LONGITUD FIJA--INFORMACIÓN GENERAL
campo de control de longitud fija 081001s1991 mx r 000 0 spa d
020 ## - NÚMERO INTERNACIONAL NORMALIZADO PARA LIBROS
Número Internacional Estándar del Libro 9686492232
035 ## - NÚMERO DE CONTROL DEL SISTEMA
Número de control de sistema UPN01000161677
040 ## - FUENTE DE LA CATALOGACIÓN
Centro catalogador/agencia de origen MX-MxUPN
Lengua de catalogación spa
041 0# - CÓDIGO DE IDIOMA
Código de lengua del texto/banda sonora o título independiente spa
050 #4 - SIGNATURA TOPOGRÁFICA DE LA BIBLIOTECA DEL CONGRESO
Número de clasificación F1221 T9
Número de documento/Ítem A75 1991
100 1# - ASIENTO PRINCIPAL--NOMBRE PERSONAL
Nombre de persona Arias, Jacinto
9 (RLIN) 55826
245 13 - MENCIÓN DE TÍTULO
Título El mundo numinoso de los mayas :
Resto del título estructura y cambios contemporáneos
250 ## - MENCIÓN DE EDICIÓN
Mención de edición Segunda edición
260 ## - PUBLICACIÓN, DISTRIBUCIÓN, ETC.
Lugar de publicación, distribución, etc. Tuxtla Gutiérrez, Chiapas :
Nombre del editor, distribuidor, etc. Consejo Estatal de Fomento a la Investigación y difusión de la Cultura :
-- Desarrollo Integral de la Familia Chiapas :
-- Instituto Chiapaneco de Cultura,
Fecha de publicación, distribución, etc. 1991.
300 ## - DESCRIPCIÓN FÍSICA
Extensión 95 páginas
490 0# - MENCIÓN DE SERIE
Mención de serie Chiapas. Serie antropología
650 #4 - ASIENTO SECUNDARIO DE MATERIA - TERMINO TEMATICO
Término de materia o nombre geográfico como elemento de entrada Tzotziles
Subdivisión general Vida social y costumbres
9 (RLIN) 8412
650 #7 - ASIENTO SECUNDARIO DE MATERIA - TERMINO TEMATICO
Término de materia o nombre geográfico como elemento de entrada Tzeltales
Subdivisión general Vida social y costumbres
9 (RLIN) 19788
902 ## - ELEMENTOS DE DATOS B LOCAL, LDB (RLIN)
Modificó VíctorGodínez/060325
942 ## - ELEMENTOS DE PUNTO DE ACCESO ADICIONAL (KOHA)
Fuente del sistema de clasificación o colocación Library of Congress Classification
Tipo de ítem Koha Libro
Holdings
Estado de retiro Estado de pérdida Fuente del sistema de clasificación o colocación Estado dañado No para préstamo Código de colección Localización permanente Ubicación/localización actual Ubicación en estantería Fecha de adquisición Clasificación Código de barras Fecha visto por última vez Tipo de ítem Koha
    Library of Congress Classification   Disponible (Préstamo en sala) UNESCO Bib. Gregorio Torres Quintero Bib. Gregorio Torres Quintero Colecciones especiales Planta alta 03/02/2023 F1221 T9 A75 1991 U2133 31/12/2020 Libro